000 00223nam a22000857a 4500
008 160624b xxu||||| |||| 00| 0 eng d
100 _91005
_aDutta, A.K
245 _aThe Kaziranga Trail
260 _aN.D
_b children's Book Trust
_c1979
999 _c802
_d802